[Event "Regionalliga NW 0405"]
[Site "Bayern"]
[Date "2004.12.12"]
[Round "4.8"]
[White "Zschunke, Werner"]
[Black "Markwart, Gabriel"]
[Result "1-0"]
[WhiteElo "1972"]
[BlackElo "1800"]
[PlyCount "101"]
[EventDate "2004.10.24"]
[EventType "team-tourn"]
[EventRounds "9"]
[EventCountry "GER"]
[SourceTitle "EXT 2007"]
[Source "ChessBase"]
[SourceDate "2006.11.23"]
[SourceVersion "1"]
[SourceVersionDate "2006.11.23"]
[SourceQuality "1"]
[WhiteTeam "Schweinfurt"]
[BlackTeam "Schweinheim"]
[WhiteTeamCountry "GER"]
[BlackTeamCountry "GER"]

1. c4 Nf6 2. Nc3 e5 3. g3 Be7 4. Bg2 c6 5. Nf3 d6 6. 0-0 0-0 7. e4 Be6 8. b3 h6 9. Bb2 Nbd7 10. Ne1 Rb8 11. Qe2 Re8 12. f4 Bg4 13. Qf2 Bh5 14. f5 d5 15. Nd3 dxe4 16. Nxe4 Nxe4 17. Bxe4 Nf6 18. Qg2 Nxe4 19. Qxe4 f6 20. g4 Bf7 21. a4 Qb6+ 22. Kg2 Qxb3 23. Rfc1 Qb6 24. a5 Qc7 25. Nf2 Bc5 26. h4 b5 27. axb6 Bxb6 28. Bc3 Rbd8 29. d3 Qd7 30. Rd1 Bd4 31. Bxd4 exd4 32. Qf4 Re5 33. Rd2 Rde8 34. Rda2 a5 35. Rxa5 Rxa5 36. Rxa5 Qb7 37. Ra2 c5+ 38. Kh2 Qb1 39. Ra7 Qb6 40. Qc7 Qb8 41. Qxb8 Rxb8 42. Rc7 Kf8 43. Rxc5 Rb2 44. Kg3 Re2 45. Rc7 Re3+ 46. Kg2 g6 47. Rd7 gxf5 48. gxf5 Re5 49. Ng4 Rxf5 50. Rxf7+ Kxf7 51. Nxh6+ 1-0

[Event "Regionalliga NW 0405"]
[Site "Bayern"]
[Date "2004.11.28"]
[Round "3.8"]
[White "Markwart, Gabriel"]
[Black "Tratberger, Rainer"]
[Result "0-1"]
[WhiteElo "1800"]
[BlackElo "1926"]
[PlyCount "74"]
[EventDate "2004.10.24"]
[EventType "team-tourn"]
[EventRounds "9"]
[EventCountry "GER"]
[SourceTitle "EXT 2007"]
[Source "ChessBase"]
[SourceDate "2006.11.23"]
[SourceVersion "1"]
[SourceVersionDate "2006.11.23"]
[SourceQuality "1"]
[WhiteTeam "Schweinheim"]
[BlackTeam "Burgsinn"]
[WhiteTeamCountry "GER"]
[BlackTeamCountry "GER"]

1. d4 d5 2. c4 dxc4 3. e4 e5 4. Bxc4 Bb4+ 5. Kf1 Qe7 6. a3 Bd6 7. d5 Nf6 8. Nc3 c6 9. Bg5 h6 10. Bh4 Nbd7 11. Ba2 Nb6 12. f3 Bd7 13. Nge2 0-0 14. dxc6 Bxc6 15. Ng3 g6 16. Ke2 Bc5 17. Qc1 Kg7 18. Bxf6+ Qxf6 19. Nd5 Qd6 20. Rd1 Bd4 21. Nxb6 axb6 22. Ke1 Rac8 23. Qd2 Ba4 24. b3 Bb5 25. Ne2 Bxe2 26. Kxe2 Qxa3 27. Rac1 Rfd8 28. Rxc8 Rxc8 29. f4 Rc3 30. Kf1 Re3 31. Qc1 Qa6+ 32. Qc4 Qxa2 33. fxe5 Bxe5 34. Qd5 Qe2+ 35. Kg1 Rxe4 36. h3 Qe3+ 37. Kh1 Qf4 0-1